• 首页
  • 本馆介绍
  • 公告通知
  • 最新文献
  • 馆藏检索
  • 电子资源
  • 读者导购
  • 参考咨询
  • 我的图书馆
  • 登录
  • 详细信息显示
  • 放入我的书架
  • 预约/预借图书
  • 作者相关作品
  • 分类相关作品
  • 丛书相关作品
  • 出版社相关作品

书目信息

  • 表格格式
  • 工作单格式
  • 卡片格式
题名:
经济系统预测的混沌理论原理与方法
    
 
作者: 刘洪 著
分册:  
出版信息: 北京   科学出版社  2003
页数: 246页
开本: 21cm
丛书名:
单 册:
中图分类: F014.9
科图分类:
主题词: 经济系统 , 经济预测 , 经济系统--经济预测--混沌学 , 混沌学
电子资源:
ISBN: 7-03-011548-1
000 00967nam0 2200265 45
001 030000000755
005 20050906155554.31
010    @a7-03-011548-1@dCNY20.00
100    @a20030915d2003 em y0chiy0120 ea
101 0  @achi
102    @aCN@b110000
105    @aak z 000yy
200 1  @a经济系统预测的混沌理论原理与方法@Ajing ji xi tong yu ce de hun dun li lun yuan li yu fang fa@f刘洪著@Fliu hong zhu
210    @a北京@c科学出版社@d2003
215    @a246页@d21cm
300    @a南京大学国家重点学科“企业管理”“985工程”学科“现代工商管理”建设项目资助
330    @a本书总结了国内外经济系统预测的混沌理论研究概况,阐述了经济系统与混沌理论之间的关系,揭示了经济系统中的混沌的特性,分析了经济混沌的动因,给出了经济混沌诊断的方法。
606 0  @a经济系统
606 0  @a经济预测
606 0  @a经济系统@x经济预测@x混沌学
606 0  @a混沌学
690    @aF014.9@v4
701  0 @a刘洪@Aliu hong@4著
801  0 @aCN@bTSSF@c20050906
905    @a10447@dF014.9@e184
    
    经济系统预测的混沌理论原理与方法/刘洪著.-北京:科学出版社,2003
    246页;21cm
    南京大学国家重点学科“企业管理”“985工程”学科“现代工商管理”建设项目资助
    
    ISBN 7-03-011548-1:CNY20.00
    本书总结了国内外经济系统预测的混沌理论研究概况,阐述了经济系统与混沌理论之间的关系,揭示了经济系统中的混沌的特性,分析了经济混沌的动因,给出了经济混沌诊断的方法。
●
相关链接 在E读中查询图书 在五车中查询图书 在当当中查询图书 在豆瓣中查询图书


正题名:经济系统预测的混沌理论原理与方法     索取号:F014.9/184         预约/预借

序号 登录号 条形码 馆藏地/架位号 状态 备注
1 0360239   3602391   第一样本阅览室/ [索取号:F014.9/184] 在馆    
2 0360240   3602408   第一借阅区/ [索取号:F014.9/184] 在馆    
3 0360241   3602417   第一借阅区/ [索取号:F014.9/184] 在馆    
4 0360242   3602426   第一借阅区/ [索取号:F014.9/184] 在馆    
5 0360243   3602435   第一借阅区/ [索取号:F014.9/184] 在馆    
唐山师范学院图书馆 欢迎您!
大连网信软件有限公司© 版权所有